000 00460nam a22001457a 4500
999 _c17201
_d17201
008 180924b xxu||||| |||| 00| 0 eng d
020 _a9966254390
050 _aHC865
_b.Z9A88 2005 c.1
245 _aAt The Crossroads
_bICT Policy Making in East Africa
_cedited by Florence E. Etta and Laurent Elder
260 _aNairobi
_bEAEP
_c2005
300 _axxvi, 309p.
650 _aInformation technology
650 _aTelecommunication Policy
942 _2lcc
_cBK